Aerobic digestion through air diffusion for the effective treatment of RSS processing effluent (Record no. 49879)

MARC details
000 -LEADER
fixed length control field 00564nam a2200157Ia 4500
100 ## - MAIN ENTRY--AUTHOR NAME
Personal name Harish M
245 #0 - TITLE STATEMENT
Title Aerobic digestion through air diffusion for the effective treatment of RSS processing effluent
260 ## - PUBLICATION, DISTRIBUTION, ETC. (IMPRINT)
Name of publisher PLACROSYM XX, 12-15 December 2012, UPASI Tea Research Foundation, Coimbatore, India, Abstracts, pp. 127-128.
650 ## - SUBJECT ADDED ENTRY--TOPICAL TERM
Topical Term Activated sludge processing
650 ## - SUBJECT ADDED ENTRY--TOPICAL TERM
Topical Term Diffused aeration
650 ## - SUBJECT ADDED ENTRY--TOPICAL TERM
Topical Term RSS processing waste water
650 ## - SUBJECT ADDED ENTRY--TOPICAL TERM
Topical Term Sedimentation
700 ## - ADDED ENTRY--PERSONAL NAME
Personal name Mathew J
942 ## - ADDED ENTRY ELEMENTS (KOHA)
Koha item type Bibliography STAF
Holdings
Withdrawn status Lost status Damaged status Not for loan Home library Current library Shelving location Date acquired Koha item type
      Bibliography RRII Library RRII Library Effluent treatment 09/04/2014 Bibliography STAF